| 000 | 00435cam a2200181ua 4500 | ||
|---|---|---|---|
| 020 | _c3.00 | ||
| 041 |
_ahin _h |
||
| 082 |
_a891.43 _bKRI/KA |
||
| 100 | _aKrishnachandra, . | ||
| 245 |
_aKashmir ki kahaniyam / _cKrishnachandra. _hTextual Documents |
||
| 250 |
_a2 / _b. |
||
| 260 |
_aDelhi : _bRajpal and sanch , _c1959. |
||
| 300 | _a138 ; . | ||
| 365 | _a3.00 | ||
| 504 | _a | ||
| 942 | _cBK | ||
| 999 |
_c12738 _d12738 |
||